| 000 | 00725nam a2200205Ia 4500 | ||
|---|---|---|---|
| 999 |
_c38066 _d38066 |
||
| 001 | 4052 | ||
| 003 | GE_BSU | ||
| 005 | 20230208104452.0 | ||
| 008 | 181216s1967||||ge |||||||||||||| ||geo|| | ||
| 040 | _cGE_BSU | ||
| 041 | _ageo | ||
| 080 | _a398(479.22)+821.353.1 ს–36 | ||
| 100 |
_aსახოკია, თედო _93401 |
||
| 245 |
_aქართული ანდაზები / _cგ. ჩიტაიას წინასიტყვ. |
||
| 264 |
_aთბ. : _bგანათლება, _c1967. |
||
| 300 |
_a285 გვ.; _b17 სმ. |
||
| 653 | _aქართული ანდაზები | ||
| 700 |
_aჩიტაია, გ. _eწინასიტყვაობა _94219 |
||
| 942 |
_cBK _2udc |
||